000 00442nam a2200133Ia 4500
008 160809s9999 xx 000 0 und d
100 _aCheng, Chen Chen.
245 _aRECONSTRUCTING TRANSITION KNOWLEDGE IN TAIWAN
245 _cChen-chen Cheng SEED Institute.
260 _bInternational Journal of Special Education
260 _c2012
650 _xSPECIAL EDUCATION
856 _uhttp://www.internationaljournalofspecialed.com/issues.php
999 _c300415
_d300415